| 000 | 01845nam a2200241 a 4500 | ||
|---|---|---|---|
| 001 | ASIN3836435233 | ||
| 003 | Nust- CAS-E | ||
| 005 | 20180118181353.0 | ||
| 008 | 140210s2008 xxu eng d | ||
| 020 |
_a3836435233 _c$89.00 |
||
| 020 | _a9783836435239 | ||
| 040 | _c0 | ||
| 050 | 0 | 4 | _aTJ810 |
| 082 | 0 | 4 |
_a621.47 _bNEW 2008 |
| 100 | 1 | _aNewton, Charles Christopher. | |
| 245 | 1 | 0 |
_aConcentrated solar thermal energy / _cCharles Christopher Newton. |
| 260 |
_a[S.l.] : _bVDM Verlag Dr. Mueller e.K., _c2008. |
||
| 300 |
_a184 p. ; _c25 cm. |
||
| 520 | _aEven in today's world market, with all of the vast technological advancements and improvements, there are still people who live in darkness at night. These areas lack the infrastructure and resources for such an amenity. Also, throughout the world, the demand for useable energy is increasing rapidly, with electricity being the energy of choice. One way to meet this increasing demand for electricity is to steer away from conventional methods and move towards novel, alternative, renewable, energy resources, such as solar energy. With a move towards solar energy, solar thermal technology has become competitive in some very limited markets. Few solar thermal systems to date have been developed and produced for the use of power generation, however, due to complex designs and costs of production and maintenance, these solar thermal systems have fallen behind in the world of alternative energy systems. The concentrated solar thermal system discussed in this work is designed with simplicity in mind, and is designed with the idea of being used in off-grid and less tech-savvy areas; most importantly, as a proof of concept. | ||
| 650 | 0 | _aSolar energy | |
| 856 | 4 | 0 |
_3Amazon.com _uhttp://www.amazon.com/exec/obidos/ASIN/3836435233/chopaconline-20 |
| 942 |
_2ddc _cBK |
||
| 999 |
_c355197 _d355197 |
||